000 00419nam a2200181Ia 4500
005 20250603145315.0
008 250603s9999 xx 000 0 und d
020 _a0-07-229756-5
050 _aHD30.213P67
100 _aGerald V. Post
245 0 _aManagement Information Systems
260 _aNew York
260 _bIrvin/Mcgraw Hill
260 _c2000
300 _a658 p
650 _aNew York
942 _cBK
999 _c41474
_d41474